|
|
|
|
| LEADER |
01890nam a22003853i 4500 |
| 001 |
EBC7014897 |
| 003 |
MiAaPQ |
| 005 |
20231204023225.0 |
| 006 |
m o d | |
| 007 |
cr cnu|||||||| |
| 008 |
231204s2018 xx o ||||0 eng d |
| 020 |
|
|
|a 9783110610604
|q (electronic bk.)
|
| 020 |
|
|
|z 9783110610574
|
| 035 |
|
|
|a (MiAaPQ)EBC7014897
|
| 035 |
|
|
|a (Au-PeEL)EBL7014897
|
| 035 |
|
|
|a (OCoLC)1330936310
|
| 040 |
|
|
|a MiAaPQ
|b eng
|e rda
|e pn
|c MiAaPQ
|d MiAaPQ
|
| 100 |
1 |
|
|a Besio, Serenella.
|
| 245 |
1 |
0 |
|a Evaluation of Childrens' Play :
|b Tools and Methods.
|
| 250 |
|
|
|a 1st ed.
|
| 264 |
|
1 |
|a Warschau/Berlin :
|b Walter de Gruyter GmbH,
|c 2018.
|
| 264 |
|
4 |
|c Ã2018.
|
| 300 |
|
|
|a 1 online resource (146 pages)
|
| 336 |
|
|
|a text
|b txt
|2 rdacontent
|
| 337 |
|
|
|a computer
|b c
|2 rdamedia
|
| 338 |
|
|
|a online resource
|b cr
|2 rdacarrier
|
| 505 |
0 |
|
|a Intro -- Contents -- Introduction -- Foreword -- 1 Evaluation tools: notes on definition, reliability, validity and administration -- 2 The evaluation of play from occupational therapy and psychology perspectives -- 3 Review of tools for play and play-based assessment -- 4 Play assessment tools and methodologies: the view of practitioners -- Authors' biography.
|
| 588 |
|
|
|a Description based on publisher supplied metadata and other sources.
|
| 590 |
|
|
|a Electronic reproduction. Ann Arbor, Michigan : ProQuest Ebook Central, 2023. Available via World Wide Web. Access may be limited to ProQuest Ebook Central affiliated libraries.
|
| 655 |
|
4 |
|a Electronic books.
|
| 700 |
1 |
|
|a Bulgarelli, Daniela.
|
| 700 |
1 |
|
|a Stancheva-Popkostadinova, Vaska.
|
| 776 |
0 |
8 |
|i Print version:
|a Besio, Serenella
|t Evaluation of Childrens' Play
|d Warschau/Berlin : Walter de Gruyter GmbH,c2018
|z 9783110610574
|
| 797 |
2 |
|
|a ProQuest (Firm)
|
| 856 |
4 |
0 |
|u https://ebookcentral.proquest.com/lib/matrademy/detail.action?docID=7014897
|z Click to View
|